| 000 | 00447cam a2200169ua 4500 | ||
|---|---|---|---|
| 020 | _c35.00 | ||
| 041 |
_aeng _h |
||
| 082 |
_a826 _bSMI/LE |
||
| 100 | _aSmith, Moore G C . | ||
| 245 |
_aLetters of Dorothy Obsorne to William Temple / _cMoore G C Smith. _hTextual Documents |
||
| 260 |
_aLondon : _bOxford at the Clarendon Press , _c1959. |
||
| 300 | _a331 ; . | ||
| 365 | _a35.00 | ||
| 504 | _a | ||
| 942 | _cBK | ||
| 999 |
_c12551 _d12551 |
||